000 00416cam a2200157ua 4500
020 _c17.50
041 _aeng
_h
082 _a338.82
_bCHA/TH
100 _aChamberlin , edward Haslings .
245 _aTheory of monopolistic competition /
_cChamberlin.
_hTextual Documents
260 _a :
_bOxford University Press ,
_c1962.
300 _a396 ; .
365 _a17.50
504 _a
999 _c11281
_d11281